Cervantes /

Guardado en:
Autor Principal: Baudizzone, Luis M.
Formato: Libro
Publicado: Buenos Aires : Atlántida, 1949
Edición:2a. ed.
Materias:
Etiquetas: Agregar Etiqueta
Sin Etiquetas, Sea el primero en etiquetar este registro!
LEADER 00596nam a22002175a 4500
001 CEM.cems000887
005 20060213000000.0
008 130507s1949##################000#0#####d
003 CEMS
082 0 4 |a 928 
100 1 |a Baudizzone, Luis M. 
245 1 0 |a Cervantes / 
250 |a 2a. ed. 
260 |a Buenos Aires :  |b Atlántida,  |c 1949 
300 |a 119 p. 
505 0 |a Biograf¡a de Cervantes.- 
653 |a Biografias 
653 |a Cervantes saavedra miguel de-b 
653 |a Literatura 
653 |a Literatura espaÑola-siglo de o 
859 |a CEMS  |b BIB. CEMS - 11 de abril  |h 928  |i C337  |p 9119.81  |t Ej.1